| 000 | 00587nam a2200169 4500 | ||
|---|---|---|---|
| 001 | 131000 | ||
| 003 | ES-MaACL | ||
| 005 | 20230906193908.0 | ||
| 007 | t| | ||
| 008 | 070214s1972 sp r ||||1| spa d | ||
| 100 | 1 |
_aRocha García, Ernesto de la. _998053 |
|
| 245 | 1 | 0 |
_aContestaciones Rocha _b: profesores de escuelas particulares de conductores : contestaciones al temario para pruebas de selección / _cErnesto de la Rocha García. |
| 260 |
_aToledo : _b[s.n.], _c1972. |
||
| 300 |
_a177 p. ; _c27 cm. |
||
| 500 | _aEjemplar multicopista. | ||
| 852 |
_aES-MaACL _jC-43415 _bR.81677 |
||
| 999 |
_c131000 _d131000 |
||